00161nas a2200073Ia 4500008004100000040001900041041001200060245001500072140107s9999 xx 000 0 und d aLoreto College aEnglish aCombat Law